| 000 | 00584cam a22001937a 4500 | ||
|---|---|---|---|
| 001 | 000217 | ||
| 003 | armpunfd | ||
| 005 | 20231215193329.0 | ||
| 008 | 011019e1994####xx#a##########000#0#und#d | ||
| 040 |
_aarmpunfd _carmpunfd |
||
| 080 | _a342 C 751 | ||
| 100 | 1 | 0 | _a Academia Nacional De Derecho Y Ciencias Sociales D |
| 245 | 1 | 0 | _aCuaderno de federalismo, 8 |
| 260 |
_a Cordoba _b Academia Nacional De Derecho Y Ciencias Sociales De Cordoba _cC1994 |
||
| 300 | _a116 p. | ||
| 650 | 7 |
_a Federalismo _x Argentina _2LEMB |
|
| 942 |
_cLB _2cdu |
||
| 945 |
_aCatalis _d2010-08-19 |
||
| 999 |
_c215 _d230719 |
||